Proceso civil: los recursos y otros medios de impugnación

Na minha lista:
Detalhes bibliográficos
Principais autores: Bordalí Salamanca, Andrés (Autor), Cortez Matcovich, Gonzalo (Autor)
Outros Autores: Palomo Vélez, Diego Iván (autor)
Formato: Livro
Idioma:espanhol
Publicado em: Santiago Thomson Reuters la Ley 2016
Edição:1a. ed
coleção:Colección Tratados y Manuales
Assuntos:
Tags: Adicionar Tag
Sem tags, seja o primeiro a adicionar uma tag!

MARC

LEADER 00000cam a2200000 a 4500
001 UCD2368
003 CL-VaPUC
008 160421e20160300cl |||||||||||||||||spa|d
020 |a 9789563467871 
082 0 4 |a 347.01  |b BOR  |2 21 
100 0 |a Bordalí Salamanca, Andrés  |e author  |9 585702 
700 0 |a Cortez Matcovich, Gonzalo  |e author  |9 585703 
700 |a Palomo Vélez, Diego Iván  |e autor  |9 527553 
245 1 0 |a Proceso civil: los recursos y otros medios de impugnación 
250 |a 1a. ed 
300 |a 394 p 
942 |c BK 
945 |d 20160421 23:07:00  |a arojas 
260 |a Santiago  |b Thomson Reuters la Ley  |c 2016 
650 0 |a Poder judicial  |9 254871 
650 7 |a MAYOR CUANTIA  |2 CL-VaPUC  |9 568191 
650 0 |a Tutela cautelar  |9 527555 
650 0 |a Proceso civil  |9 361912 
650 0 |a Medios de impugnación  |9 585705 
583 |a last modification  |c 20160421 23:07:00  |k Rodrigo Vera 
490 0 |a Colección Tratados y Manuales 
999 |c 363530  |d 363528 
952 |0 0  |1 0  |3 erb  |4 0  |6 347_010000000000000_BOR_2016  |7 0  |8 A  |9 475987  |a BIBDER  |b BIBDER  |i 5283248  |l 19  |m 1  |o 347.01 BOR 2016  |p 5283248  |r 2024-09-10  |s 2024-09-06  |w 2019-11-24  |y BK  |z Catalogado en:20160421  |k DER 
952 |0 0  |1 0  |3 erb  |4 0  |6 347_010000000000000_BOR_2016  |7 0  |8 A  |9 475988  |a BIBDER  |b BIBDER  |i 5298199  |l 10  |m 1  |o 347.01 BOR 2016  |p 5298199  |r 2024-09-13  |s 2024-09-06  |w 2019-11-24  |y BK  |z Catalogado en:20160713  |k DER